vufinder Bibliothèque Municipale de Charleval de Provence
Se connecter
« Retourner aux résultats de recherche

maison du canal (La)

Book Cover
Auteur principal: Edith
D'autres auteurs: José-Louis Bocquet
D'autres auteurs: Georges Simenon
Support: Livres
Langue: Francais
Publié: 2025 Dargaud Benelux [Bruxelles]
Series: Simenon et les romans durs
Genre: Bandes déssinées ADULTE
Collection: Simenon et les romans durs
Sujets:
Étiquettes: Ajouter
Pas de Tags !

LEADER 00839nam0a2200241 450
001 16847390
010 |a 978-2-5051-2942-4  |b rel.  |d 22,95 € 
100 |a 20250922d2025 u u0frey01 ba 
101 0 |a fre 
102 |a BE 
200 0 |a maison du canal (La)  |f Edith & Bocquet  |g [d'après] Simenon 
207 1 |a   
210 |a [Bruxelles]  |c Dargaud Benelux  |d 2025 
215 |a 1 vol. (90 p.)  |c ill. en coul.  |d 29 cm 
225 1 |a Simenon et les romans durs 
300 |a Notice réd. d'après la couv. 
461 0 |t Simenon et les romans durs 
700 0 |a Edith  |f 1960-....  |4 70 
701 0 |a Bocquet  |b José-Louis  |f 1962-....  |4 70 
702 0 |a Simenon  |b Georges  |f 1903-1989  |4 100 
900 |a Bandes déssinées ADULTE 
901 |a Accessible au prêt 
995 |a Bibliothèque  |c Bibliothèque  |f 024025922  |h 024025922  |k BDA EDI  |o p  |q a  |r az  |e Bibliothèque 

Options de recherche

Historique de recherche
Recherche avancée

Trouver plus

Nouveautés

Besoin d'aide ?

Contacter un bibliothécaire